| 000 | 00564nam a2200205Ia 4500 | ||
|---|---|---|---|
| 003 | OSt | ||
| 005 | 20260307121851.0 | ||
| 008 | 210210b1922 xxu||||| |||| 00| 0 eng d | ||
| 040 | _cAL | ||
| 041 | _ahindi | ||
| 082 | _a863/6 | ||
| 100 |
_aBHAT (Badrinath) _dभट्ट (बद्रीनाथ) _9258186 |
||
| 245 |
_aGosvami Tulasidas _bगोस्वामी तुलसीदास |
||
| 260 |
_aAgra _b- _c1922 |
||
| 650 |
_aTulasidAs _9258187 |
||
| 650 |
_aGosvami _9258188 |
||
| 690 |
_aHindi Drama _9258189 |
||
| 906 | _a023382 | ||
| 942 |
_2ddc _cBK |
||
| 999 |
_c148349 _d148349 |
||